|
|
|
|
| LEADER |
01737nam a2200493 a 4500 |
| 001 |
nkc20091867019 |
| 003 |
CZ PrNK |
| 005 |
20220107084513.0 |
| 007 |
ta |
| 008 |
090407s2009 xr a e 000 0 cze |
| 015 |
|
|
|a cnb001867019
|
| 020 |
|
|
|a 978-80-7394-156-7
|q (brož.)
|
| 035 |
|
|
|a (OCoLC)403702917
|
| 040 |
|
|
|a BOA001
|b cze
|
| 041 |
0 |
|
|a cze
|b eng
|
| 072 |
|
7 |
|a 796
|x Sport. Hry. Tělesná cvičení
|2 Konspekt
|9 20
|
| 080 |
|
|
|a 796/799
|2 MRF
|
| 080 |
|
|
|a 796.015.8
|2 MRF
|
| 080 |
|
|
|a 796.015
|2 MRF
|
| 080 |
|
|
|a 612.66
|2 MRF
|
| 080 |
|
|
|a (048.8)
|2 MRF
|
| 100 |
1 |
|
|a Vobr, Radek
|7 xx0032259
|4 aut
|
| 245 |
1 |
0 |
|a Vývoj věku vrcholné výkonnosti v atletice, plavání, běžeckém lyžování, ledním hokeji a fotbalu v letech 1970-2007 /
|c Radek Vobr
|
| 250 |
|
|
|a 1. vyd.
|
| 260 |
|
|
|a České Budějovice :
|b Jihočeská univerzita v Českých Budějovicích,
|c 2009
|
| 300 |
|
|
|a 121 s. :
|b il. ;
|c 25 cm
|
| 504 |
|
|
|a Obsahuje bibliografii
|
| 546 |
|
|
|a Anglické resumé
|
| 650 |
0 |
7 |
|a sport
|7 ph116248
|2 czenas
|
| 650 |
0 |
7 |
|a sportovní výkony
|7 ph125959
|2 czenas
|
| 650 |
0 |
7 |
|a sportovní trénink
|7 ph125957
|2 czenas
|
| 650 |
0 |
7 |
|a věk
|7 ph487786
|2 czenas
|
| 650 |
0 |
9 |
|a sport
|2 eczenas
|
| 650 |
0 |
9 |
|a sports performance
|2 eczenas
|
| 650 |
0 |
9 |
|a sports training
|2 eczenas
|
| 650 |
0 |
9 |
|a age
|2 eczenas
|
| 655 |
|
7 |
|a studie
|7 fd133597
|2 czenas
|
| 655 |
|
9 |
|a studies
|2 eczenas
|
| 856 |
4 |
1 |
|u http://www.digitalniknihovna.cz/mzk/uuid/uuid:8ec29ec0-4245-11ee-8dfc-005056827e51
|y Digitalizovaný dokument
|x NDK
|
| 910 |
2 |
|
|a BOA001
|b 3-1223.500
|
| 990 |
|
|
|a BK
|
| 995 |
|
|
|a 01
|
| 991 |
|
|
|b 200905
|c NOV
|j 796/799 VOB
|
| 996 |
6 |
|
|b 2610376031
|c 3-1223.500
|l MZK
|r Sklad / do 1 hodiny
|n 0
|p p.v.
|w 000937389
|u 000010
|a 1
|e BOA001
|j MZK50
|s P
|